[Event "ICC tourney 1897 (3 2)"]
[Site "Internet Chess Club"]
[Date "2020.07.03"]
[Round "6"]
[White "Venom2020"]
[Black "Mookmookarmy"]
[Result "0-1"]
[WhiteElo "1697"]
[BlackElo "1695"]
[PlyCount "64"]
[EventDate "2020.??.??"]

1. e4 e6 2. d4 d5 3. Nd2 c5 4. Ngf3 cxd4 5. exd5 Qxd5 6. Bc4 Qd6 7. O-O Nf6 8.
Nb3 Nc6 9. Nbxd4 Nxd4 10. Nxd4 Qc7 11. Qe2 a6 12. Re1 Bd6 13. Bg5 O-O 14. Bxf6
gxf6 15. h3 b5 16. Qg4+ Kh8 17. Qf3 f5 18. Qxa8 Bb7 19. Qxf8+ Bxf8 20. Bb3 a5
21. c3 a4 22. Bc2 a3 23. bxa3 Qxc3 24. Rad1 Qxa3 25. Nxb5 Qxa2 26. Bb1 Qa8 27.
f3 Bc5+ 28. Kh2 Qb8+ 29. Kh1 Bxf3 30. gxf3 Qg3 31. Rd8+ Kg7 32. Re2 Qg1# 0-1

[Event "ICC tourney 1897 (3 2)"]
[Site "Internet Chess Club"]
[Date "2020.07.03"]
[Round "3"]
[White "Wizard98"]
[Black "Venom2020"]
[Result "1-0"]
[WhiteElo "1457"]
[BlackElo "1655"]
[PlyCount "119"]
[EventDate "2020.??.??"]

1. e4 c5 2. Nc3 Nc6 3. Bb5 Nd4 4. Nf3 e6 5. O-O a6 6. Bd3 Nxf3+ 7. Qxf3 d6 8.
Qg3 Nf6 9. b3 g6 10. Ba3 Bg7 11. Rae1 O-O 12. f4 b5 13. e5 Ne8 14. Ne4 Qa5 15.
Bb2 c4 16. Be2 Bb7 17. Nf6+ Nxf6 18. exf6 Bh8 19. bxc4 bxc4 20. Bc3 Qb6+ 21.
Kh1 Rac8 22. Qh4 Qc5 23. Bf3 Rb8 24. f5 exf5 25. Qh6 d5 26. Be5 Rbe8 27. d4
cxd3 28. cxd3 Re6 29. d4 Qb6 30. Rb1 Qa7 31. Qh4 Rfe8 32. Rfc1 Ba8 33. Rc7 Bxf6
34. Qxf6 Rxf6 35. Rxa7 Rfe6 36. Rxa8 Rxa8 37. Bxd5 Rd8 38. Bxe6 fxe6 39. Rb6
Rc8 40. h3 Ra8 41. Rxe6 Kf7 42. Rb6 a5 43. Rb7+ Ke6 44. Rxh7 Kd5 45. Rg7 Ra6
46. Rd7+ Ke4 47. Rd6 Rxd6 48. Bxd6 Kxd4 49. Kh2 Kd5 50. Bc7 a4 51. Kg3 Ke4 52.
Kh4 Ke3 53. Kg5 Kf2 54. Kxg6 Kxg2 55. h4 Kh3 56. h5 Kg4 57. h6 f4 58. h7 f3 59.
h8=Q f2 60. Qh5# 1-0

[Event "ICC tourney 1897 (3 2)"]
[Site "Internet Chess Club"]
[Date "2020.07.03"]
[Round "15"]
[White "Openyagami"]
[Black "fishbein"]
[Result "0-1"]
[WhiteElo "2897"]
[BlackElo "2497"]
[PlyCount "78"]
[EventDate "2020.??.??"]

1. c4 Nf6 2. Nf3 g6 3. Nc3 Bg7 4. e4 d6 5. d4 O-O 6. h3 a6 7. Bf4 c5 8. dxc5
dxc5 9. Qxd8 Rxd8 10. e5 Nfd7 11. O-O-O Nc6 12. Nd5 e6 13. Bg5 Rf8 14. Nf6+
Bxf6 15. Bxf6 Nxf6 16. exf6 e5 17. g4 Be6 18. Ng5 Nd4 19. Nxe6 Nxe6 20. Bg2
Rab8 21. Rd7 b5 22. Bd5 Nf4 23. Re1 Nd3+ 24. Kd2 Nxe1 25. Kxe1 g5 26. Re7 Rb6
27. Rxe5 h6 28. Rf5 bxc4 29. Bxc4 Rxb2 30. h4 Rb4 31. Rxc5 gxh4 32. f4 h3 33.
Kf2 Rb2+ 34. Kg3 h2 35. Rh5 Rc8 36. Bd5 Rc3+ 37. Bf3 Rxa2 38. g5 Raa3 39. Rxh6
Rxf3+ 0-1

[Event "ICC tourney 1897 (3 2)"]
[Site "Internet Chess Club"]
[Date "2020.07.03"]
[Round "9"]
[White "Mookmookarmy"]
[Black "helavir"]
[Result "1-0"]
[WhiteElo "1772"]
[BlackElo "2094"]
[PlyCount "117"]
[EventDate "2020.??.??"]

1. e4 c6 2. d3 d5 3. Nd2 g6 4. f4 Bg7 5. Ngf3 Qb6 6. Qe2 Bg4 7. e5 Nh6 8. h3
Nf5 9. Qf2 Bxf3 10. Nxf3 h5 11. d4 Nd7 12. Bd3 e6 13. O-O Bf8 14. c3 Be7 15.
Rb1 c5 16. Be3 cxd4 17. cxd4 O-O-O 18. b4 Kb8 19. a4 Nxe3 20. Qxe3 Bxb4 21. Rf2
a5 22. Ng5 Rhf8 23. Bb5 Qc7 24. Rc1 Qb6 25. Rfc2 Be7 26. Nf3 f6 27. exf6 Rxf6
28. g3 Bd6 29. Rb1 Ka7 30. Rcb2 Bb4 31. Rc2 Nb8 32. Rbc1 Rf7 33. Ne5 Rg7 34.
Nd3 g5 35. fxg5 Be7 36. h4 Bd6 37. Ne5 Rf8 38. Rf1 Rxf1+ 39. Kxf1 Rc7 40. Rf2
Na6 41. Kg2 Nb4 42. Nd7 Rxd7 43. Bxd7 e5 44. Rd2 exd4 45. Qxd4 Bc5 46. Qf6 Qc7
47. Bb5 Be3 48. Re2 d4 49. Qf5 Nc6 50. g6 Ne5 51. Qe4 Qd6 52. g7 Qe6 53. g8=Q
Qxg8 54. Qxe5 Qf8 55. Bd3 Qa3 56. Qb5 Qc3 57. Be4 Qc7 58. Rb2 b6 59. Qe8 1-0

[Event "ICC tourney 1897 (3 2)"]
[Site "Internet Chess Club"]
[Date "2020.07.03"]
[Round "8"]
[White "helavir"]
[Black "Dlugy"]
[Result "0-1"]
[WhiteElo "2144"]
[BlackElo "2842"]
[PlyCount "144"]
[EventDate "2020.??.??"]

1. e4 c5 2. Nf3 d6 3. Bb5+ Bd7 4. c4 Nf6 5. Nc3 g6 6. O-O Bg7 7. d4 cxd4 8.
Nxd4 O-O 9. Be3 a6 10. Bxd7 Nbxd7 11. b3 e6 12. Qd2 Qc7 13. h3 Nc5 14. f3 Rfd8
15. Rac1 Rac8 16. Rfd1 Qe7 17. Qf2 h6 18. Qd2 Kh7 19. Qf2 Nh5 20. Nde2 Bf6 21.
Bd4 Bh4 22. Qe3 Bg5 23. f4 Bf6 24. e5 dxe5 25. Bxe5 Bxe5 26. fxe5 Ng7 27. Nd4
Nf5 28. Nxf5 gxf5 29. b4 Nd7 30. Rd6 Rxc4 31. Rcd1 Rc7 32. Na4 Rdc8 33. Kh1 Nf8
34. Nb6 Re8 35. Nd5 exd5 36. Qxh6+ Kg8 37. Rd3 Qxe5 38. R6xd5 Qa1+ 39. Kh2 Qg7
40. Qf4 Ne6 41. Qxf5 Rc3 42. Rxc3 Qxc3 43. Rd3 Qxb4 44. Rg3+ Ng7 45. Qf6 Qf8
46. Rd3 Re6 47. Qh4 Rd6 48. Rg3 Rg6 49. Rd3 Qb8+ 50. Kh1 Ne6 51. Rf3 Qc7 52.
Qe4 Kg7 53. Qe3 Qc5 54. Qd3 Qd4 55. Qe2 b5 56. Qf1 Rf6 57. Rg3+ Rg6 58. Rf3 Qd7
59. Qa1+ Kg8 60. Qe5 Ng7 61. Qb8+ Kh7 62. Rf4 Qd1+ 63. Kh2 Qd6 64. Qxd6 Rxd6
65. Rxf7 Rd2 66. a4 bxa4 67. Rf6 a3 68. Rxa6 a2 69. Kg3 Ne6 70. Kf3 Nc5 71. Ra3
Nb3 72. Ke3 Rxg2 0-1

[Event "ICC tourney 1897 (3 2)"]
[Site "Internet Chess Club"]
[Date "2020.07.03"]
[Round "6"]
[White "helavir"]
[Black "fishbein"]
[Result "0-1"]
[WhiteElo "2112"]
[BlackElo "2522"]
[PlyCount "58"]
[EventDate "2020.??.??"]

1. e4 c5 2. Nf3 d6 3. Bb5+ Bd7 4. c4 Nf6 5. Nc3 e6 6. O-O Be7 7. d4 cxd4 8.
Nxd4 a6 9. Bxd7+ Nbxd7 10. b3 O-O 11. Bb2 Rc8 12. Qd2 Re8 13. Rad1 Qa5 14. Kh1
Qh5 15. f4 Nc5 16. Rde1 Rcd8 17. f5 Bf8 18. fxe6 fxe6 19. b4 Ncd7 20. Nf3 Ne5
21. Qe2 Nxf3 22. Rxf3 Qg6 23. Nd1 Be7 24. Nf2 Rf8 25. a3 Nh5 26. Nd3 Rxf3 27.
Qxf3 Rf8 28. Qh3 Qxe4 29. c5 Qxe1+ 0-1

[Event "ICC tourney 1897 (3 2)"]
[Site "Internet Chess Club"]
[Date "2020.07.03"]
[Round "14"]
[White "fishbein"]
[Black "dopolian"]
[Result "1-0"]
[WhiteElo "2467"]
[BlackElo "2074"]
[PlyCount "69"]
[EventDate "2020.??.??"]

1. Nf3 Nf6 2. c4 c5 3. Nc3 d5 4. cxd5 Nxd5 5. e3 Nc6 6. Bb5 a6 7. Bxc6+ bxc6 8.
O-O e6 9. d3 Be7 10. a3 O-O 11. Qc2 Nxc3 12. bxc3 f6 13. d4 Bb7 14. a4 cxd4 15.
cxd4 c5 16. dxc5 Bxf3 17. gxf3 Qd5 18. e4 Qxc5 19. Qb3 Qc6 20. Be3 Rab8 21. Qa2
Rfc8 22. Rac1 Qd6 23. Rfd1 Qe5 24. Rc4 Kf7 25. Rdc1 Rxc4 26. Qxc4 Qh5 27. Bf4
Rb4 28. Qd3 Rxa4 29. Rc7 Qb5 30. Qxb5 axb5 31. Bd6 Rc4 32. Rxe7+ Kg6 33. Rb7
Rc1+ 34. Kg2 e5 35. Bf8 1-0

[Event "ICC tourney 1897 (3 2)"]
[Site "Internet Chess Club"]
[Date "2020.07.03"]
[Round "13"]
[White "dopolian"]
[Black "helavir"]
[Result "0-1"]
[WhiteElo "2076"]
[BlackElo "2143"]
[PlyCount "128"]
[EventDate "2020.??.??"]

1. e4 c6 2. Nc3 d5 3. Nf3 Bg4 4. h3 Bxf3 5. Qxf3 Nf6 6. d4 dxe4 7. Nxe4 Qxd4 8.
Bd3 Nbd7 9. Be3 Qd5 10. Rd1 e6 11. O-O Be7 12. c4 Qa5 13. Qg3 O-O 14. Ng5 Rad8
15. a3 h6 16. b4 Qe5 17. Bf4 Qb2 18. Nf3 Nh5 19. Qh2 Nxf4 20. Qxf4 Nf6 21. Qe3
Kh8 22. Bb1 Rxd1 23. Rxd1 Rd8 24. Rxd8+ Bxd8 25. Qd3 Bc7 26. g3 Kg8 27. Nd4 Kf8
28. Ne2 Qe5 29. Kg2 Ke7 30. Nc3 Qd6 31. Qe3 Qe5 32. Qd3 a6 33. Ne4 Nxe4 34.
Qxe4 Qb2 35. Qd3 Be5 36. Bc2 Bd4 37. h4 c5 38. b5 axb5 39. cxb5 h5 40. a4 b6
41. Qe4 Qc1 42. Qb7+ Kf6 43. Qf3+ Ke5 44. Qe4+ Kd6 45. Qf4+ Qxf4 46. gxf4 g6
47. Bb3 Bb2 48. Kf3 Bc1 49. Ke4 Bd2 50. Bc4 f6 51. Kf3 g5 52. fxg5 fxg5 53.
hxg5 Bxg5 54. Ke4 h4 55. f4 h3 56. Kf3 h2 57. Kg2 Bxf4 58. Bb3 e5 59. Bc4 e4
60. Bg8 e3 61. Bc4 Ke5 62. Be2 Kd4 63. Bf3 c4 64. Kh3 e2 0-1

[Event "ICC tourney 1897 (3 2)"]
[Site "Internet Chess Club"]
[Date "2020.07.03"]
[Round "12"]
[White "dopolian"]
[Black "Aleksandrov73"]
[Result "1/2-1/2"]
[WhiteElo "2093"]
[BlackElo "2337"]
[PlyCount "118"]
[EventDate "2020.??.??"]

1. e4 e5 2. Nf3 Nc6 3. Bb5 a6 4. Ba4 Nf6 5. O-O Be7 6. Re1 b5 7. Bb3 d6 8. c3
O-O 9. h3 Nb8 10. d4 Nbd7 11. Nbd2 c5 12. Bc2 Re8 13. b3 exd4 14. cxd4 cxd4 15.
Nxd4 Bb7 16. Bb2 Bf8 17. Rc1 Qb6 18. Nf5 g6 19. Bd4 Qa5 20. Ng3 Bg7 21. Nf3
Rac8 22. Bb1 Rxc1 23. Qxc1 Ne5 24. Nxe5 dxe5 25. Bc3 Qb6 26. Qb2 Nd7 27. Rd1
Nc5 28. Qd2 Ne6 29. Qd6 Qxd6 30. Rxd6 Rc8 31. Bb2 h5 32. Ne2 Rc6 33. Rxc6 Bxc6
34. f3 Kf8 35. Kf2 Ke7 36. Bc3 Kd7 37. Bc2 f6 38. Bb4 h4 39. Nc1 Nd4 40. Bd3
Bh6 41. Ne2 Ne6 42. Bc2 Bf8 43. Bxf8 Nxf8 44. b4 Kd6 45. Ke3 Bd7 46. Bb3 Be6
47. Bxe6 Nxe6 48. a3 f5 49. f4 exf4+ 50. Nxf4 g5 51. Nxe6 Kxe6 52. exf5+ Kxf5
53. Kf3 Ke5 54. Ke3 Kd5 55. Kd3 Ke5 56. Ke3 Kf5 57. Kf3 g4+ 58. Ke3 gxh3 59.
gxh3 Ke5 1/2-1/2

[Event "ICC tourney 1897 (3 2)"]
[Site "Internet Chess Club"]
[Date "2020.07.03"]
[Round "10"]
[White "GeneraLisimus"]
[Black "dopolian"]
[Result "1-0"]
[WhiteElo "2864"]
[BlackElo "2046"]
[PlyCount "89"]
[EventDate "2020.??.??"]

1. e4 e5 2. Bc4 Nf6 3. d3 Bc5 4. Nf3 Nc6 5. c3 O-O 6. O-O d5 7. exd5 Nxd5 8. a4
a5 9. Nbd2 Bg4 10. h3 Bh5 11. Re1 Re8 12. Bb5 f6 13. Ne4 Bb6 14. Ng3 Bf7 15.
Nh4 Kh8 16. Nhf5 g6 17. Nh6 Be6 18. d4 Kg7 19. c4 Nf4 20. d5 Kxh6 21. dxc6 Qxd1
22. Rxd1 Rad8 23. Rxd8 Rxd8 24. cxb7 Rb8 25. Bc6 Bxc4 26. Ne4 Kg7 27. Bxf4 exf4
28. Rd1 Ba6 29. Rd7+ Kh6 30. Nxf6 Bxb7 31. h4 g5 32. h5 g4 33. Bxb7 Rxb7 34.
Rxh7+ Kg5 35. Ne4+ Kf5 36. Nd6+ cxd6 37. Rxb7 Bd4 38. Kf1 d5 39. h6 Kg6 40. h7
Bg7 41. Rb5 Kxh7 42. Rxd5 Bxb2 43. Rxa5 Kg6 44. Rb5 Bd4 45. a5 1-0

[Event "ICC tourney 1897 (3 2)"]
[Site "Internet Chess Club"]
[Date "2020.07.03"]
[Round "2"]
[White "dopolian"]
[Black "Visam"]
[Result "0-1"]
[WhiteElo "1747"]
[BlackElo "2678"]
[PlyCount "56"]
[EventDate "2020.??.??"]

1. e4 e5 2. Nf3 Nc6 3. Bb5 g6 4. d4 exd4 5. Bg5 Be7 6. h4 h6 7. Bf4 Nf6 8. e5
Nd5 9. Bg3 a6 10. Bc4 Nb6 11. Bb3 d6 12. Nbd2 d5 13. Nf1 Bb4+ 14. N1d2 Bg4 15.
a3 Be7 16. Qe2 Na5 17. O-O-O c5 18. e6 f6 19. h5 g5 20. Ba2 Kf8 21. Rde1 Nc6
22. Qd3 c4 23. Qg6 Qe8 24. Bc7 Na4 25. Qxe8+ Rxe8 26. b3 Nc3 27. Kb2 Nb5 28.
bxc4 dxc4 0-1

[Event "ICC tourney 1897 (3 2)"]
[Site "Internet Chess Club"]
[Date "2020.07.03"]
[Round "14"]
[White "Dlugy"]
[Black "justinchess"]
[Result "1-0"]
[WhiteElo "2816"]
[BlackElo "2141"]
[PlyCount "113"]
[EventDate "2020.??.??"]

1. d4 Nf6 2. Bf4 e6 3. e3 b6 4. Nf3 Bb7 5. Bd3 c5 6. c3 Be7 7. h3 O-O 8. Nbd2
cxd4 9. exd4 d6 10. O-O Nbd7 11. a4 a6 12. Re1 Re8 13. Nc4 Qc7 14. Nfd2 Bf8 15.
Bh2 Rad8 16. Qb3 e5 17. Ne3 Qc6 18. Bf1 Ne4 19. Nf3 Qc7 20. Bc4 Ndf6 21. Rad1
Re7 22. dxe5 dxe5 23. Rxd8 Qxd8 24. Nxe5 Qe8 25. Qxb6 Nd2 26. Ba2 Nd7 27. Nxd7
Qxd7 28. Qd4 Qxd4 29. cxd4 Rd7 30. d5 Ne4 31. Bc4 Nd6 32. Bxd6 Bxd6 33. Nf5 Bf8
34. Re8 g6 35. Ne3 Kg7 36. Kf1 Bc5 37. Ke2 Bxe3 38. Kxe3 Bxd5 39. Bxd5 Rxd5 40.
b4 Rd1 41. Rb8 Rb1 42. a5 Rb2 43. Rb6 h5 44. h4 f6 45. g3 g5 46. f3 gxh4 47.
gxh4 Kg6 48. Ke4 Rh2 49. Rxa6 Rxh4+ 50. f4 Rh1 51. Ra8 Rb1 52. Rb8 h4 53. Kf3
Rb3+ 54. Kg2 Kf5 55. a6 Kg4 56. Rg8+ Kxf4 57. a7 1-0

[Event "ICC tourney 1897 (3 2)"]
[Site "Internet Chess Club"]
[Date "2020.07.03"]
[Round "11"]
[White "justinchess"]
[Black "Goran21"]
[Result "0-1"]
[WhiteElo "2115"]
[BlackElo "1783"]
[PlyCount "80"]
[EventDate "2020.??.??"]

1. Nf3 Nf6 2. b3 g6 3. Bb2 Bg7 4. g3 O-O 5. Bg2 d6 6. O-O e5 7. c4 Nc6 8. d4
Nh5 9. dxe5 Qe8 10. Nc3 Nxe5 11. Nxe5 dxe5 12. Nd5 Qd8 13. Qc2 c6 14. Nc3 Qe7
15. Rad1 f5 16. Rd2 Be6 17. Rfd1 e4 18. e3 g5 19. Ne2 Bxb2 20. Qxb2 Rae8 21.
Qe5 Qf7 22. Qc5 Bc8 23. Rd6 a6 24. Nc3 Qg7 25. Qd4 Qe7 26. Qc5 Nf6 27. Na4 Qg7
28. Nb6 f4 29. exf4 gxf4 30. Nxc8 Rxc8 31. Qf5 e3 32. fxe3 fxg3 33. hxg3 Ng4
34. Qe6+ Kh8 35. Rd7 Qg5 36. Rxb7 Rce8 37. Qxc6 Qxe3+ 38. Kh1 Re6 39. Rxh7+
Kxh7 40. Rd7+ Kh8 0-1

[Event "ICC tourney 1897 (3 2)"]
[Site "Internet Chess Club"]
[Date "2020.07.03"]
[Round "10"]
[White "Goran21"]
[Black "Mookmookarmy"]
[Result "0-1"]
[WhiteElo "1744"]
[BlackElo "1795"]
[PlyCount "52"]
[EventDate "2020.??.??"]

1. e4 e6 2. d4 d5 3. Nc3 Nf6 4. exd5 exd5 5. Bd3 Bd6 6. Nf3 O-O 7. O-O Bg4 8.
h3 Bh5 9. Be2 Nbd7 10. Bg5 c6 11. Nh4 Bxe2 12. Qxe2 Re8 13. Qf3 Qb6 14. Nf5 Bf8
15. Rab1 g6 16. Nh6+ Bxh6 17. Bxh6 Qxd4 18. Rbd1 Qb4 19. b3 Re6 20. Bg5 Rae8
21. Bh6 Ne5 22. Qg3 Nh5 23. Qe3 Ng4 24. hxg4 Rxe3 25. Bxe3 Ng3 26. fxg3 Rxe3
0-1

[Event "ICC tourney 1897 (3 2)"]
[Site "Internet Chess Club"]
[Date "2020.07.03"]
[Round "9"]
[White "Wizard98"]
[Black "Goran21"]
[Result "1-0"]
[WhiteElo "1824"]
[BlackElo "1756"]
[PlyCount "93"]
[EventDate "2020.??.??"]

1. e4 c5 2. Nc3 Nc6 3. Bb5 Nd4 4. Nf3 Nxb5 5. Nxb5 a6 6. Nc3 d6 7. d4 cxd4 8.
Qxd4 e5 9. Qd3 Nf6 10. a4 Be7 11. Nd2 Be6 12. Nc4 Rc8 13. Ne3 O-O 14. O-O Qc7
15. Rd1 Rfd8 16. Bd2 h6 17. Be1 Qb6 18. a5 Qc6 19. f3 Qc5 20. Bf2 Qb4 21. Rdb1
Bc4 22. Nxc4 Qxc4 23. Qxc4 Rxc4 24. Rd1 Rdc8 25. Rd3 g5 26. Kf1 Kg7 27. Ke2 Rb4
28. b3 Bd8 29. Kd2 d5 30. Nxd5 Nxd5 31. Rxd5 Rb5 32. Ra4 f5 33. Kd3 Kf6 34. Be1
Ke6 35. Rc4 Ra8 36. Rcc5 Rxc5 37. Rxc5 Be7 38. Rd5 Rf8 39. Bc3 Bd6 40. Rxd6+
Kxd6 41. Bb4+ Ke6 42. Bxf8 fxe4+ 43. Kxe4 h5 44. Bc5 h4 45. Be3 h3 46. gxh3 g4
47. hxg4 1-0

[Event "ICC tourney 1897 (3 2)"]
[Site "Internet Chess Club"]
[Date "2020.07.03"]
[Round "8"]
[White "Goran21"]
[Black "Visam"]
[Result "1-0"]
[WhiteElo "1768"]
[BlackElo "2641"]
[PlyCount "97"]
[EventDate "2020.??.??"]

1. e4 e5 2. Nf3 Nc6 3. Bb5 a6 4. Bxc6 dxc6 5. O-O Ne7 6. Na3 Ng6 7. c3 Qd3 8.
Re1 Be6 9. h3 f6 10. Re3 Qd7 11. d4 O-O-O 12. Re1 Bxa3 13. bxa3 Rhe8 14. Qe2 b5
15. a4 Bc4 16. Qc2 Qd6 17. axb5 cxb5 18. a4 Kb7 19. d5 Ne7 20. Nd2 Rb8 21. Ba3
Qd7 22. Nxc4 bxc4 23. Qe2 Nc8 24. Qxc4 Nb6 25. Qd3 Ra8 26. c4 Qxa4 27. c5 Qc4
28. Qb1 f5 29. cxb6 cxb6 30. exf5 Qxd5 31. Rd1 Qc6 32. Rd6 Qc7 33. Qe4+ Ka7 34.
Rad1 Rad8 35. Qd5 Rxd6 36. Bxd6 Qb7 37. Qb3 Rd8 38. Bxe5 Rxd1+ 39. Qxd1 a5 40.
Qd4 Qc6 41. Bxg7 a4 42. f6 Kb7 43. Kh2 a3 44. Qa1 Qd6+ 45. g3 Qc5 46. Kg1 Qf5
47. Qxa3 b5 48. Kg2 Qe4+ 49. Qf3 1-0

[Event "ICC tourney 1897 (3 2)"]
[Site "Internet Chess Club"]
[Date "2020.07.03"]
[Round "15"]
[White "londonkid"]
[Black "Mookmookarmy"]
[Result "1/2-1/2"]
[WhiteElo "1858"]
[BlackElo "1970"]
[PlyCount "112"]
[EventDate "2020.??.??"]

1. d4 Nf6 2. c4 g6 3. Nc3 Bg7 4. Nf3 d6 5. Bg5 O-O 6. e3 Nbd7 7. Be2 b6 8. Qc2
Bb7 9. O-O e5 10. Rfd1 Qe7 11. dxe5 dxe5 12. Nd5 Bxd5 13. cxd5 Nc5 14. b4 Nb7
15. Rac1 Rac8 16. Ba6 Nd6 17. Bxc8 Rxc8 18. h3 h6 19. Bh4 a6 20. Bg3 Nfe4 21.
Bh2 f5 22. Nd2 Nxd2 23. Rxd2 Kh7 24. Qa4 Ra8 25. Rdc2 b5 26. Qb3 Nc4 27. a4 Qd7
28. Qd3 Rd8 29. axb5 axb5 30. Rd1 Bf8 31. Rxc4 bxc4 32. Qxc4 Bd6 33. f4 e4 34.
Bg3 Rb8 35. Rb1 Qa4 36. Qd4 Rxb4 37. Rxb4 Qxb4 38. Qf6 Qb1+ 39. Kh2 Qb3 40.
Qf7+ Kh8 41. Bh4 g5 42. Qf6+ Kh7 43. Qxf5+ Kg7 44. Bg3 gxf4 45. Bxf4 Bxf4+ 46.
Qxf4 Qxd5 47. Qxc7+ Kg6 48. Qg3+ Kh7 49. Qf4 Qe6 50. h4 Kg6 51. Qg3+ Kh5 52.
Qf4 Qg4 53. Qe5+ Kg6 54. Qg3 Kf5 55. Qf2+ Kg6 56. Qg3 Kf5 1/2-1/2

[Event "ICC tourney 1897 (3 2)"]
[Site "Internet Chess Club"]
[Date "2020.07.03"]
[Round "11"]
[White "londonkid"]
[Black "fishbein"]
[Result "1-0"]
[WhiteElo "1862"]
[BlackElo "2463"]
[PlyCount "81"]
[EventDate "2020.??.??"]

1. d4 Nf6 2. c4 g6 3. Nc3 Bg7 4. Nf3 O-O 5. Bg5 d6 6. e3 Bf5 7. Bd3 Bxd3 8.
Qxd3 c5 9. d5 Nbd7 10. O-O h6 11. Bh4 g5 12. Bg3 Nh5 13. Nd2 a6 14. a4 Ndf6 15.
Rab1 b6 16. b4 cxb4 17. Rxb4 Nd7 18. Ne2 Nc5 19. Qc2 Qd7 20. Nd4 f5 21. Qd1 Nf6
22. Qc2 Nfe4 23. Nxe4 fxe4 24. Nc6 Rf7 25. Rxb6 Raf8 26. h3 h5 27. Nxe7+ Rxe7
28. Bxd6 Nxa4 29. Bxe7 Nxb6 30. Bxf8 Bxf8 31. Qxe4 Qd6 32. Rb1 Nd7 33. Qf5 Be7
34. Rb7 Nc5 35. Qc8+ Kf7 36. Rb8 Qg6 37. Qe8+ Kf6 38. Rb6+ Ke5 39. Qxg6 a5 40.
Re6+ Nxe6 41. Qxe6# 1-0

[Event "ICC tourney 1897 (3 2)"]
[Site "Internet Chess Club"]
[Date "2020.07.03"]
[Round "9"]
[White "londonkid"]
[Black "PushU2Blunders"]
[Result "0-1"]
[WhiteElo "1793"]
[BlackElo "1871"]
[PlyCount "58"]
[EventDate "2020.??.??"]

1. d4 Nf6 2. c4 e6 3. Nf3 d5 4. Nc3 Be7 5. cxd5 exd5 6. Bg5 O-O 7. Qc2 h6 8.
Bh4 c6 9. e3 Nbd7 10. Bd3 b6 11. O-O Bb7 12. Rad1 b5 13. Rfe1 Re8 14. h3 b4 15.
Nb1 Rc8 16. Nbd2 c5 17. dxc5 Nxc5 18. Bf5 Rc7 19. Bg3 Bd6 20. Bxd6 Qxd6 21. Rc1
g6 22. Bxg6 fxg6 23. Qxg6+ Rg7 24. Qxh6 Nd3 25. Nd4 Re5 26. Nb5 Qf8 27. Qh4 Rh5
28. Qd4 Ne4 29. Nxe4 dxe4 0-1

[Event "ICC tourney 1897 (3 2)"]
[Site "Internet Chess Club"]
[Date "2020.07.03"]
[Round "1"]
[White "londonkid"]
[Black "manest"]
[Result "0-1"]
[WhiteElo "1773"]
[BlackElo "2811"]
[PlyCount "92"]
[EventDate "2020.??.??"]

1. d4 e6 2. c4 b6 3. Nf3 Bb7 4. g3 Bb4+ 5. Nbd2 Nf6 6. Bg2 O-O 7. O-O d5 8. Ne5
Nbd7 9. Nb3 a5 10. a3 Be7 11. Bf4 a4 12. Nd2 c5 13. Nxd7 Qxd7 14. dxc5 bxc5 15.
Qc2 d4 16. Bxb7 Qxb7 17. Rab1 Nd7 18. Ne4 e5 19. Bg5 f6 20. Bd2 Qc6 21. f3 f5
22. Nf2 Nb6 23. e4 dxe3 24. Bxe3 Qxf3 25. Qc3 Bf6 26. Bxc5 Qxc3 27. bxc3 Nxc4
28. Bxf8 Kxf8 29. Rb4 Ne3 30. Rfb1 Kf7 31. Rb7+ Kg6 32. Nd3 Rd8 33. Nc5 Rd2 34.
R7b2 Rd5 35. Nxa4 e4 36. Nb6 Rd3 37. Rc1 Bxc3 38. Rb5 Bd4 39. Kh1 Rxa3 40. Nc4
Nxc4 41. Rxc4 Ra1+ 42. Kg2 Ra2+ 43. Kf1 Bf6 44. h4 e3 45. Rcb4 e2+ 46. Kf2 Bc3
0-1

[Event "ICC tourney 1897 (3 2)"]
[Site "Internet Chess Club"]
[Date "2020.07.03"]
[Round "13"]
[White "londonkid"]
[Black "tsohal"]
[Result "1-0"]
[WhiteElo "1858"]
[BlackElo "1873"]
[PlyCount "83"]
[EventDate "2020.??.??"]

1. d4 Nf6 2. c4 e6 3. Nf3 d5 4. Nc3 a6 5. cxd5 exd5 6. Bg5 Be6 7. Qc2 Bd6 8. e3
Nbd7 9. Bd3 c6 10. O-O Qc7 11. h3 O-O 12. Rac1 h6 13. Bxf6 Nxf6 14. Rfe1 Rad8
15. Na4 Rfe8 16. Nc5 Bc8 17. b4 b6 18. Nxa6 Bxa6 19. Bxa6 Bxb4 20. Red1 c5 21.
dxc5 bxc5 22. Bb5 Re6 23. Qb2 Qa5 24. a4 Ne4 25. Qb3 Red6 26. Ne5 Qa8 27. Bc6
Rxc6 28. Nxc6 Qxc6 29. Qxb4 Qf6 30. Qe1 Qc6 31. f3 Nd6 32. Qd2 Nb7 33. Qb2 c4
34. Qb5 Qc7 35. Rxd5 Rc8 36. Rd7 Qg3 37. Qxb7 Re8 38. Qd5 Rxe3 39. Qxf7+ Kh7
40. Qf5+ Kg8 41. Rd8+ Re8 42. Rxe8# 1-0

[Event "ICC tourney 1897 (3 2)"]
[Site "Internet Chess Club"]
[Date "2020.07.03"]
[Round "10"]
[White "tsohal"]
[Black "Visam"]
[Result "0-1"]
[WhiteElo "1889"]
[BlackElo "2641"]
[PlyCount "116"]
[EventDate "2020.??.??"]

1. d4 Nf6 2. c4 g6 3. d5 c6 4. Nc3 cxd5 5. cxd5 Bg7 6. e4 d6 7. Bd3 Nbd7 8.
Nge2 Nc5 9. O-O Nxd3 10. Qxd3 O-O 11. f3 Bd7 12. Be3 Qa5 13. a3 Rfc8 14. b4 Qa6
15. Qxa6 bxa6 16. Rac1 Rc4 17. Kf2 Ne8 18. Na2 Rac8 19. Rxc4 Rxc4 20. Rc1 Bb5
21. Rxc4 Bxc4 22. Nac3 a5 23. Bxa7 axb4 24. axb4 Nc7 25. Bd4 Bh6 26. Be3 Bg7
27. Bd4 Bf8 28. Ke3 e5 29. dxe6 fxe6 30. f4 h5 31. g3 Kf7 32. Ba7 e5 33. Nc1 d5
34. Nxd5 Bxd5 35. exd5 exf4+ 36. gxf4 Nxd5+ 37. Kf3 Nxb4 38. Ne2 Bd6 39. Bd4
Nc6 40. Bc3 Bc5 41. Ng3 Ne7 42. Ke4 Ke6 43. h3 Bd6 44. Bd2 Bc7 45. Bc1 Ba5 46.
Ba3 Nd5 47. f5+ gxf5+ 48. Nxf5 Nf6+ 49. Kf4 Bd2+ 50. Ne3 Nd5+ 51. Kg5 Bxe3+ 52.
Kxh5 Kf5 53. Bb2 Bg5 54. Be5 Bc1 55. Ba1 Bd2 56. Bd4 Nf4+ 57. Kh4 Be1+ 58. Bf2
Bxf2# 0-1

[Event "ICC tourney 1897 (3 2)"]
[Site "Internet Chess Club"]
[Date "2020.07.03"]
[Round "2"]
[White "tsohal"]
[Black "Wizard98"]
[Result "1-0"]
[WhiteElo "1483"]
[BlackElo "1317"]
[PlyCount "149"]
[EventDate "2020.??.??"]

1. d4 Nf6 2. c4 g6 3. Nc3 Bg7 4. e4 d6 5. Nf3 O-O 6. Be2 Qe8 7. O-O e5 8. dxe5
dxe5 9. b3 Na6 10. Ba3 c5 11. Rc1 b6 12. Qc2 Bb7 13. Nd5 Rd8 14. Bb2 Nxd5 15.
exd5 Nc7 16. Rcd1 Qe7 17. Qd2 Ne8 18. Rfe1 f6 19. Bd3 Nd6 20. Bc2 Qf7 21. Bc3
Rde8 22. a4 e4 23. Nh4 g5 24. Nf5 Nxf5 25. Bxe4 Nd6 26. Bc2 Bc8 27. b4 Nxc4 28.
Qd3 Rxe1+ 29. Rxe1 Re8 30. Rxe8+ Qxe8 31. Qxc4 cxb4 32. Bxb4 f5 33. h3 Bd7 34.
d6+ Kh8 35. Bc3 h6 36. Bxg7+ Kxg7 37. Qd4+ Kg6 38. g4 Qe1+ 39. Kh2 Qe8 40.
Bxf5+ Bxf5 41. gxf5+ Kxf5 42. d7 Qd8 43. Qd6 h5 44. Qc6 Ke5 45. Qc8 Qf6 46. Kg2
g4 47. d8=Q Qf3+ 48. Kf1 Qh1+ 49. Ke2 Qe4+ 50. Kd2 Qf4+ 51. Kc3 Qc1+ 52. Kb4
Qb2+ 53. Kc4 Qe2+ 54. Qd3 Qa2+ 55. Qb3 Qe2+ 56. Kb4 Kf6 57. Qf8+ Kg5 58. Qd8+
Kf5 59. Qbd3+ Qxd3 60. Qxd3+ Kg5 61. hxg4 Kxg4 62. Qg3+ Kf5 63. Kb5 h4 64. Qxh4
a5 65. Kxb6 Ke6 66. Qc4+ Kd6 67. Qc5+ Kd7 68. Qc6+ Kd8 69. Qb7 Ke8 70. Qc7 Kf8
71. Qd7 Kg8 72. Qe7 Kh8 73. Kc6 Kg8 74. Kd6 Kh8 75. Ke6 1-0

[Event "ICC tourney 1897 (3 2)"]
[Site "Internet Chess Club"]
[Date "2020.07.03"]
[Round "13"]
[White "justinchess"]
[Black "Pschaak"]
[Result "1-0"]
[WhiteElo "2142"]
[BlackElo "2028"]
[PlyCount "99"]
[EventDate "2020.??.??"]

1. d4 Nf6 2. c4 c5 3. d5 b5 4. cxb5 a6 5. e3 axb5 6. Bxb5 Bb7 7. Nc3 Qa5 8. Bd2
Qb6 9. a4 Nxd5 10. Nxd5 Bxd5 11. Nf3 Bc6 12. O-O e6 13. Bc3 f6 14. Qe2 Be7 15.
Rfd1 O-O 16. e4 Na6 17. Bxc6 Qxc6 18. Qb5 Ra7 19. Qxc6 dxc6 20. Kf1 Rb8 21. Nd2
Nb4 22. b3 Nc2 23. Rac1 Nd4 24. Bxd4 cxd4 25. Rxc6 e5 26. Ke2 Bb4 27. Nc4 Bc3
28. Rb1 Rxa4 29. bxa4 Rxb1 30. a5 Ra1 31. a6 h5 32. Nd6 Kh7 33. Nb5 Ra2+ 34.
Kd3 Be1 35. a7 Bxf2 36. Rc8 Be1 37. a8=Q Rd2+ 38. Kc4 Rc2+ 39. Kb3 Rxg2 40.
Rh8+ Kg6 41. Qe8+ Kg5 42. Qxh5+ Kf4 43. Qf5+ Ke3 44. Rh3+ Kd2 45. Qf3 Rf2 46.
Qd3+ Kc1 47. Qc4+ Bc3 48. Nxc3 dxc3 49. Rxc3+ Kd1 50. Qd3+ 1-0